000 01487nam a2200265 a 4500
003 DO-SdBNP
005 20260205110706.0
007 ta
008 220509e2013 dr aoo|ert||| 001 0 spa d
040 _aDO-SdBNP
_bspa
_cBNPHU
082 4 _24
_bI43g
245 0 0 _aInforme de gestión anual 2013 /
_cPrólogo, Manuel A. Grullón, Fotografías, Luis Nova, Jochy Fersobe.
260 _aSanto Domingo :
_bBanco Popular, República Dominicana,
_c2013
300 _a195 p. :
_bil., fotogr. ;
_c29 cm.
500 _aIncluye Directorio de oficinas, p. 190- 192.
505 _tIndicadores financieros.--
_tCarta del Presidente.--
_tInforme del consejo de Administración.--
_tSemblanza Alejandro E. Grullón E.--
_tSemblanza Alejandro Grullón.--
_tSemblanza Pedro A. Rodríguez.--
_tSemblanza Manuel A. Grullón, J. Amado Bermúdez Pippa, Consejero Emérito de Banco Popular, S. A.--
_tProductos y servicios.--
_tUna empresa de valor social permantente.--
_tEstados financieros.--
_tMiembros del Consejo de Administración.--
_tComités del Consejo de Administración.--
_tPrincipales funcionarios.--
_tDirectorio de oficinas.
610 _aBanco Popular de la República Dominicana
_xInformes Técnicos
_981573
650 0 _aInformes técnicos
_xRedacción
_97867
700 1 _aGrullón, Manuel A.
_epról.
_973783
700 1 _aNova, Luis
_efotogr.
_936995
700 1 _aFersobe, Jochy
_efotogr.
_973769
710 1 _aBanco Popular de la República Dominicana
_97760
910 _aMFeliz
942 _2ddc
_cLBS1
999 _c51676
_d51676